| 000 | 00539nam a2200193Ia 4500 | ||
|---|---|---|---|
| 005 | 20250326143819.0 | ||
| 008 | 250326s9999 xx 000 0 und d | ||
| 020 | _a81-7635-506-2 | ||
| 037 | _aTextbook | ||
| 040 |
_aFMSL _beng _cFMSL |
||
| 041 |
_aeng _2eng |
||
| 084 |
_aD658(2:55) P0 _qFMSL |
||
| 100 |
_aKerman Phillip _9433288 |
||
| 245 | 0 |
_aMacromedia flash 5 in 24 hours _cKerman Phillip |
|
| 260 |
_aN _bN, D Techmedia _c2001 |
||
| 300 | _axvii,587 | ||
| 942 |
_cTB _hD658(2:55) P0 |
||
| 999 |
_c1301163 _d1301163 |
||